Rice Wine with the Minister : (Record no. 591973)

MARC details
000 -LEADER
fixed length control field 00462nam a2200181 a 4500
008 - FIXED-LENGTH DATA ELEMENTS--GENERAL INFORMATION
fixed length control field 251016s2010##################000#0#eng##
020 ## - INTERNATIONAL STANDARD BOOK NUMBER
ISBN 9780230232952
082 04 - DEWEY DECIMAL CLASSIFICATION NUMBER
Classification number 658.4092
Item number KAK
100 1# - MAIN ENTRY--AUTHOR NAME
Personal name Kakabadse, N.,
245 10 - TITLE STATEMENT
Title Rice Wine with the Minister :
260 ## - PUBLICATION, DISTRIBUTION, ETC. (IMPRINT)
Name of publisher Palgrave Macmillan,
Year of publication 2010.
650 #0 - SUBJECT ADDED ENTRY--TOPICAL TERM
Topical Term Business & Economics.
942 ## - ADDED ENTRY ELEMENTS (KOHA)
Koha item type English Books
Holdings
Withdrawn status Lost status Damaged status Not for loan Home library Current library Shelving location Date acquired Full call number Accession Number Price effective from Koha item type
        Anna Centenary Library Anna Centenary Library 6TH FLOOR, B WING 16.10.2025 658.4092 KAK 305235 16.10.2025 English Books

Find us on the map